[Event "Saint Affrique op 22nd"]
[Site "Saint Affrique"]
[Date "2014.07.26"]
[Round "9.16"]
[White "Vignette, Jeanne"]
[Black "Penalver, Marion"]
[Result "0-1"]
[WhiteElo "1758"]
[BlackElo "1901"]
[PlyCount "72"]
[EventDate "2014.07.19"]
[EventType "swiss"]
[EventRounds "9"]
[EventCountry "FRA"]
[SourceTitle "CBM 161 Extra"]
[Source "ChessBase"]
[SourceDate "2014.08.29"]
[SourceVersion "1"]
[SourceVersionDate "2014.08.29"]
[SourceQuality "1"]

1. e4 c5 2. Nf3 e6 3. d4 cxd4 4. Nxd4 Nf6 5. Nc3 Nc6 6. Be3 Bb4 7. Nxc6 Bxc3+ 8. bxc3 bxc6 9. Bd3 Qa5 10. Qd2 d5 11. exd5 cxd5 12. c4 Qxd2+ 13. Bxd2 Ba6 14. c5 Bxd3 15. cxd3 Kd7 16. Rb1 Rab8 17. Ke2 e5 18. Rhc1 Kc6 19. Rb4 Rxb4 20. Bxb4 d4 21. g3 Nd5 22. Bd2 Rb8 23. a4 Rb2 24. Kd1 Nb4 25. Ke2 Na6 26. f4 exf4 27. gxf4 Nxc5 28. Rc4 Kd5 29. Kd1 f5 30. Rc2 Rxc2 31. Kxc2 Nxa4 32. h4 Nc3 33. Kb3 a5 34. Bc1 a4+ 35. Ka3 g6 36. Bd2 Nb1+ 0-1

[Event "Saint Affrique op 22nd"]
[Site "Saint Affrique"]
[Date "2014.07.22"]
[Round "5"]
[White "Vignette, Jeanne"]
[Black "Prieu, Arnaud"]
[Result "1-0"]
[WhiteElo "1758"]
[BlackElo "1572"]
[PlyCount "77"]
[EventDate "2014.07.19"]
[EventType "swiss"]
[EventRounds "9"]
[EventCountry "FRA"]
[SourceTitle "CBM 161 Extra"]
[Source "ChessBase"]
[SourceDate "2014.08.29"]
[SourceVersion "1"]
[SourceVersionDate "2014.08.29"]
[SourceQuality "1"]

1. e4 e5 2. Nf3 Nc6 3. Bc4 Bc5 4. d3 d6 5. c3 Qf6 6. b4 Bb6 7. a4 a6 8. a5 Ba7 9. Be3 Nge7 10. Bb3 Bg4 11. Nbd2 Qg6 12. Nf1 f5 13. Bxa7 Rxa7 14. Ng3 d5 15. exf5 Qf6 16. Rc1 e4 17. dxe4 dxe4 18. Nxe4 Qxf5 19. Neg5 Ne5 20. Be6 Nxf3+ 21. gxf3 Qe5+ 22. Qe2 Qf4 23. Rd1 Qxg5 24. fxg4 Qf6 25. Rd3 Rf8 26. 0-0 Ng6 27. Bf5+ Kf7 28. Qa2+ Ke8 29. Re1+ Ne7 30. Qd5 Ra8 31. Qxb7 Kf7 32. Be6+ Kg6 33. Qe4+ Kg5 34. Qe5+ Qxe5 35. Rxe5+ Kf6 36. Re4 Rae8 37. Rd7 Rd8 38. Rf4+ Kg6 39. Rxf8 1-0

[Event "FRA-ch U18 Girls"]
[Site "Montbeliard"]
[Date "2014.04.26"]
[Round "8"]
[White "Vignette, Jeanne"]
[Black "Fischer, Julie"]
[Result "0-1"]
[WhiteElo "1762"]
[BlackElo "1937"]
[PlyCount "114"]
[EventDate "2014.04.21"]
[EventType "swiss"]
[EventRounds "9"]
[EventCountry "FRA"]
[SourceTitle "CBM 160 Extra"]
[Source "ChessBase"]
[SourceDate "2014.07.01"]
[SourceVersion "1"]
[SourceVersionDate "2014.07.01"]
[SourceQuality "1"]

1. e4 c5 2. Nf3 Nc6 3. d4 cxd4 4. Nxd4 g6 5. c4 Bg7 6. Be3 Nf6 7. Nc3 Nxd4 8. Bxd4 d6 9. Qd2 0-0 10. f3 Qa5 11. Rb1 a6 12. Be2 Be6 13. 0-0 Rfc8 14. b3 Qb4 15. Qb2 Qa5 16. b4 Qh5 17. Nd5 Nxd5 18. exd5 Bxd4+ 19. Qxd4 Bd7 20. Rfe1 Qg5 21. Bf1 Bf5 22. Rb3 e6 23. dxe6 Bxe6 24. Rc3 Qd8 25. Rd1 Rc7 26. c5 Qc8 27. Rdc1 dxc5 28. Rxc5 Rxc5 29. Rxc5 Qe8 30. a3 Rd8 31. Qb2 Rd1 32. Rc1 Rd7 33. b5 a5 34. b6 Qd8 35. h3 Rd2 36. Qb5 Qd4+ 37. Kh1 a4 38. Re1 Bd7 39. Qe5 Qxe5 40. Rxe5 Rd1 41. Kg1 Ra1 42. Rd5 Bc6 43. Rd2 Bb5 44. Rf2 Bxf1 45. Rxf1 Rxa3 46. Rb1 Rb3 47. Ra1 a3 48. Kf2 Kf8 49. Kg3 Ke7 50. Ra2 Kd6 51. Kf4 f6 52. Ke4 Kc5 53. f4 Kxb6 54. Kd4 Kb5 55. Kd5 Rd3+ 56. Ke4 Kc4 57. Rc2+ Rc3 0-1

[Event "FRA-ch U18 Girls"]
[Site "Montbeliard"]
[Date "2014.04.22"]
[Round "3"]
[White "Likhoded, Victoria"]
[Black "Vignette, Jeanne"]
[Result "1/2-1/2"]
[WhiteElo "1635"]
[BlackElo "1762"]
[PlyCount "92"]
[EventDate "2014.04.21"]
[EventType "swiss"]
[EventRounds "9"]
[EventCountry "FRA"]
[SourceTitle "CBM 160 Extra"]
[Source "ChessBase"]
[SourceDate "2014.07.01"]
[SourceVersion "1"]
[SourceVersionDate "2014.07.01"]
[SourceQuality "1"]

1. c4 e5 2. Nc3 Nc6 3. Nf3 Bc5 4. g3 d6 5. d3 h6 6. Bg2 Nf6 7. 0-0 0-0 8. a3 a6 9. b4 Ba7 10. h3 Be6 11. Ne1 Qd7 12. Kh2 Rad8 13. Nc2 Ne7 14. Be3 Bxe3 15. Nxe3 c6 16. Rc1 d5 17. Na4 Nf5 18. Nc5 Qe7 19. Nxf5 Bxf5 20. cxd5 cxd5 21. Qd2 e4 22. Qf4 Bh7 23. d4 Ne8 24. Qe5 Qxe5 25. dxe5 Nc7 26. Nxb7 Rd7 27. Nc5 Re7 28. f4 exf3 29. exf3 Rd8 30. f4 d4 31. Rfd1 Nb5 32. a4 Nc7 33. Rd2 Ne6 34. Nxe6 fxe6 35. Rcd1 d3 36. Bc6 Rc7 37. b5 axb5 38. axb5 Rd4 39. Kg2 Be4+ 40. Bxe4 Rxe4 41. Rxd3 Rb4 42. Rd6 Rc2+ 43. R1d2 Rxd2+ 44. Rxd2 Rxb5 45. Rd8+ Kf7 46. Rd7+ Kf8 1/2-1/2

[Event "FRA-ch U18 Girls"]
[Site "Saint Paul Trois Chateaux"]
[Date "2013.04.30"]
[Round "3"]
[White "Abbassi, Zeyneb"]
[Black "Vignette, Jeanne"]
[Result "1-0"]
[WhiteElo "1584"]
[BlackElo "1762"]
[PlyCount "83"]
[EventDate "2013.04.28"]
[EventType "swiss"]
[EventRounds "9"]
[EventCountry "FRA"]
[SourceTitle "CBM 154 Extra"]
[Source "ChessBase"]
[SourceDate "2013.06.25"]
[SourceVersion "2"]
[SourceVersionDate "2013.06.25"]
[SourceQuality "1"]

1. d4 Nf6 2. Nf3 g6 3. Nc3 d5 4. Bf4 c6 5. e3 Bg7 6. Be2 Nbd7 7. Ne5 Ne4 8. Nxe4 dxe4 9. Nxd7 Bxd7 10. c3 Be6 11. Qc2 Qb6 12. b3 Rc8 13. 0-0 f5 14. Rfd1 0-0 15. g4 Qa5 16. gxf5 Qxf5 17. b4 b5 18. a4 a6 19. axb5 axb5 20. Ra7 Ra8 21. Rda1 Rxa7 22. Rxa7 Bf6 23. Bf1 h5 24. h3 g5 25. Bg3 h4 26. Bh2 g4 27. hxg4 Qxg4+ 28. Kh1 h3 29. Qe2 Bh4 30. Qxg4+ Bxg4 31. Bf4 Bxf2 32. Rxe7 Bxe3 33. Bxe3 Rxf1+ 34. Kh2 Bf5 35. Re5 Rf3 36. Bg5 Kf7 37. Rc5 Kg6 38. Bh4 Bd7 39. Rg5+ Kh6 40. Re5 Re3 41. Bg5+ Kh5 42. Bxe3+ 1-0

[Event "FRA-ch U16 Girls"]
[Site "Nimes"]
[Date "2012.04.18"]
[Round "6"]
[White "Vignette, Jeanne"]
[Black "Bekhouche, Marion"]
[Result "1-0"]
[WhiteElo "1655"]
[BlackElo "1730"]
[PlyCount "105"]
[EventDate "2012.04.14"]
[EventType "swiss"]
[EventRounds "9"]
[EventCountry "FRA"]
[SourceTitle "CBM 148 Extra"]
[Source "ChessBase"]
[SourceDate "2012.06.22"]
[SourceVersion "1"]
[SourceVersionDate "2012.06.22"]
[SourceQuality "1"]

1. e4 e6 2. d4 d5 3. Nd2 Nf6 4. e5 Nfd7 5. f4 c5 6. c3 Nc6 7. Ndf3 Qb6 8. Ne2 cxd4 9. cxd4 f6 10. a3 a5 11. Nc3 Be7 12. Na4 Qa7 13. Bd3 Rb8 14. Nc3 0-0 15. Nb5 Qb6 16. Qc2 Kh8 17. Qf2 fxe5 18. dxe5 Nc5 19. 0-0 Qa6 20. Be2 Ne4 21. Nc3 Nxf2 22. Bxa6 Nh3+ 23. gxh3 bxa6 24. Na4 Bd7 25. Be3 Rb3 26. Bc5 Rxf4 27. Bxe7 Nxe7 28. Ng5 Rf5 29. Rxf5 exf5 30. Nc5 Re3 31. Nxd7 h6 32. Ne6 Nc6 33. Rc1 Ne7 34. Nc7 d4 35. Rd1 d3 36. Nxa6 Nc6 37. Nac5 Nxe5 38. Nxe5 Rxe5 39. Nxd3 Re3 40. Kg2 g5 41. b4 axb4 42. axb4 Re2+ 43. Kf3 Re6 44. Re1 Rb6 45. Re5 Rf6 46. Ne1 Kg7 47. Nc2 Kg6 48. Nd4 Rf7 49. b5 f4 50. b6 Rb7 51. Re6+ Kg7 52. Nf5+ Kf7 53. Re7+ 1-0

[Event "FRA-ch U16 Girls"]
[Site "Nimes"]
[Date "2012.04.17"]
[Round "5"]
[White "Thomas, Anysia"]
[Black "Vignette, Jeanne"]
[Result "0-1"]
[WhiteElo "1762"]
[BlackElo "1655"]
[PlyCount "118"]
[EventDate "2012.04.14"]
[EventType "swiss"]
[EventRounds "9"]
[EventCountry "FRA"]
[SourceTitle "CBM 148 Extra"]
[Source "ChessBase"]
[SourceDate "2012.06.22"]
[SourceVersion "1"]
[SourceVersionDate "2012.06.22"]
[SourceQuality "1"]

1. d4 Nf6 2. c4 g6 3. Nc3 d5 4. Nf3 Bg7 5. Bg5 Ne4 6. Bf4 Nxc3 7. bxc3 dxc4 8. Qa4+ Nd7 9. Qxc4 c5 10. e3 Qa5 11. Nd2 0-0 12. Nb3 Qa3 13. Be2 cxd4 14. exd4 e5 15. Bc1 Qd6 16. 0-0 exd4 17. cxd4 Nb6 18. Qd3 Bf5 19. Qf3 Rfe8 20. Bb5 Be4 21. Qh3 Bc6 22. Bxc6 Qxc6 23. Bh6 Bh8 24. f4 f5 25. Rad1 Nd5 26. Rfe1 Qc3 27. Rxe8+ Rxe8 28. Qxc3 Nxc3 29. Rd2 Re2 30. Rd3 Ne4 31. Kf1 Rxa2 32. d5 Nd6 33. Nc5 Kf7 34. Bg5 Bf6 35. Bxf6 Kxf6 36. Re3 Ne4 37. Nxe4+ fxe4 38. Rxe4 Rd2 39. Re5 a5 40. d6 a4 41. Re7 Rxd6 42. Rxb7 Ra6 43. Rb2 Kf5 44. g3 a3 45. Ra2 Ke4 46. Ke2 Kd4 47. Kf3 Kc3 48. Kg4 Kb3 49. Ra1 a2 50. Kg5 Kb2 51. Rxa2+ Kxa2 52. Kh6 Ra7 53. g4 Kb3 54. h4 Rf7 55. Kg5 Kc4 56. f5 gxf5 57. gxf5 Kd5 58. h5 Ke5 59. Kh6 Rxf5 0-1

[Event "FRA-ch U16 Girls"]
[Site "Nimes"]
[Date "2012.04.15"]
[Round "2"]
[White "Navrotescu, Andreea Cristiana"]
[Black "Vignette, Jeanne"]
[Result "1-0"]
[WhiteElo "2094"]
[BlackElo "1655"]
[PlyCount "97"]
[EventDate "2012.04.14"]
[EventType "swiss"]
[EventRounds "9"]
[EventCountry "FRA"]
[SourceTitle "CBM 148 Extra"]
[Source "ChessBase"]
[SourceDate "2012.06.22"]
[SourceVersion "1"]
[SourceVersionDate "2012.06.22"]
[SourceQuality "1"]

1. d4 d5 2. c4 e6 3. Nc3 Be7 4. Nf3 Nf6 5. Bg5 0-0 6. cxd5 exd5 7. e3 h6 8. Bh4 c6 9. Bd3 Nbd7 10. Qc2 Re8 11. 0-0 Ne4 12. Bxe7 Qxe7 13. Nd2 f5 14. Rad1 Ndf6 15. f3 Nxd2 16. Qxd2 Qb4 17. a3 Qb6 18. b4 a5 19. b5 Qa7 20. Na4 cxb5 21. Bxb5 Bd7 22. Bxd7 Nxd7 23. Qd3 Rf8 24. Qb5 Nf6 25. Nb6 Qa6 26. Rb1 Qxb5 27. Rxb5 Rad8 28. Rxa5 Rfe8 29. Kf2 Rd6 30. Rb1 Rde6 31. Nxd5 Nxd5 32. Rxd5 Rxe3 33. Rxf5 Rxa3 34. Rxb7 Rd8 35. Rff7 Rxd4 36. Rxg7+ Kf8 37. Rh7 Kg8 38. Rxh6 Rd2+ 39. Kg3 Ra8 40. Rg6+ Kf8 41. Kh3 Re2 42. Rf6+ Kg8 43. Rc6 Rae8 44. f4 R2e7 45. f5 Re5 46. g4 Rf8 47. Kh4 Rf7 48. Rxf7 Kxf7 49. Kg5 1-0

[Event "FRA-ch U14 Girls playoff"]
[Site "Troyes"]
[Date "2010.04.19"]
[Round "1"]
[White "Navrotescu, Andreea Cristiana"]
[Black "Vignette, Jeanne"]
[Result "1-0"]
[WhiteElo "1925"]
[BlackElo "1568"]
[PlyCount "61"]
[EventDate "2010.04.19"]
[EventType "tourn"]
[EventRounds "3"]
[EventCountry "FRA"]
[SourceTitle "EXT 2012"]
[Source "ChessBase"]
[SourceDate "2011.11.24"]
[SourceVersion "1"]
[SourceVersionDate "2011.11.24"]
[SourceQuality "1"]

1. d4 d5 2. c4 e6 3. Nc3 Nf6 4. Nf3 Be7 5. Bf4 0-0 6. e3 c5 7. dxc5 Bxc5 8. a3 Nc6 9. Qc2 dxc4 10. Bxc4 b6 11. 0-0 Bb7 12. Rfd1 Qe7 13. b4 e5 14. Bg3 Bd6 15. Qb3 Rad8 16. Bh4 e4 17. Nd5 Qd7 18. Bxf6 exf3 19. Bxd8 Nxd8 20. g3 Ne6 21. Bf1 Ng5 22. Nf4 Qe7 23. Rac1 Ne6 24. Nxe6 fxe6 25. Rd2 Kh8 26. Rcd1 Rd8 27. Bc4 e5 28. Bd5 Bxd5 29. Qxd5 Bc7 30. Qxd8+ Bxd8 31. Rxd8+ 1-0

[Event "FRA-ch U14 Girls playoff"]
[Site "Troyes"]
[Date "2010.04.19"]
[Round "1"]
[White "Vignette, Jeanne"]
[Black "Fischer, Julie"]
[Result "0-1"]
[WhiteElo "1568"]
[BlackElo "1714"]
[PlyCount "106"]
[EventDate "2010.04.19"]
[EventType "tourn"]
[EventRounds "3"]
[EventCountry "FRA"]
[SourceTitle "EXT 2012"]
[Source "ChessBase"]
[SourceDate "2011.11.24"]
[SourceVersion "1"]
[SourceVersionDate "2011.11.24"]
[SourceQuality "1"]

1. e4 c5 2. Nf3 e6 3. d4 cxd4 4. Nxd4 Nc6 5. Nc3 Qc7 6. Be2 a6 7. Be3 Nf6 8. 0-0 Bb4 9. f3 0-0 10. a3 Bc5 11. Kh1 Nxd4 12. Bxd4 Bxd4 13. Qxd4 Rd8 14. f4 d5 15. e5 Nd7 16. Bd3 Nc5 17. Qf2 Nxd3 18. cxd3 Bd7 19. d4 Qb6 20. Rac1 Rac8 21. Qe3 Qxb2 22. a4 Rc4 23. a5 Rdc8 24. Ne2 Rxc1 25. Rxc1 Rxc1+ 26. Nxc1 Qb5 27. Nb3 Qf1+ 28. Qg1 Qxf4 29. Nc5 Bc6 30. h3 h6 31. Nd3 Qd2 32. Nc1 Qxa5 33. Nb3 Qc3 34. Nc1 a5 35. Qd1 a4 36. Na2 Qb3 37. Qxb3 axb3 38. Nc3 b2 39. Kg1 Ba4 40. Kf1 Bc2 41. Ke2 b1Q 42. Nxb1 Bxb1 43. Kd2 Kf8 44. Kc3 Ke7 45. Kb4 Kd7 46. Kc5 Kc7 47. g3 b6+ 48. Kb4 Kc6 49. h4 Bf5 50. Ka4 b5+ 51. Ka5 Bg4 52. Kb4 Kb6 53. Kb3 Ka5 0-1

[Event "FRA-ch U14 Girls"]
[Site "Troyes"]
[Date "2010.04.18"]
[Round "9"]
[White "Vignette, Jeanne"]
[Black "Nolot, Clementine"]
[Result "1-0"]
[WhiteElo "1568"]
[BlackElo "1672"]
[PlyCount "59"]
[EventDate "2010.04.11"]
[EventType "swiss"]
[EventRounds "9"]
[EventCountry "FRA"]
[SourceTitle "EXT 2012"]
[Source "ChessBase"]
[SourceDate "2011.11.24"]
[SourceVersion "1"]
[SourceVersionDate "2011.11.24"]
[SourceQuality "1"]

1. e4 e5 2. Nf3 Nc6 3. Bc4 Bc5 4. c3 Nf6 5. d4 exd4 6. cxd4 Bb4+ 7. Nc3 Nxe4 8. 0-0 Bxc3 9. d5 Bf6 10. Re1 Ne7 11. Rxe4 d6 12. Qe2 h6 13. Bb5+ Bd7 14. Bxd7+ Qxd7 15. Nd4 0-0-0 16. Qc4 Rde8 17. h3 Ng6 18. Re3 Ne5 19. Qb4 Kb8 20. Rb3 c6 21. dxc6 Nxc6 22. Nxc6+ Qxc6 23. Bf4 Be5 24. Be3 Re7 25. Rc1 Qd7 26. Qa5 b5 27. Rxb5+ Ka8 28. Rd1 Rd8 29. Bxa7 Qxa7 30. Qxd8+ 1-0

[Event "FRA-ch U14 Girls"]
[Site "Troyes"]
[Date "2010.04.13"]
[Round "4"]
[White "Fischer, Julie"]
[Black "Vignette, Jeanne"]
[Result "1/2-1/2"]
[WhiteElo "1721"]
[BlackElo "1568"]
[PlyCount "146"]
[EventDate "2010.04.11"]
[EventType "swiss"]
[EventRounds "9"]
[EventCountry "FRA"]
[SourceTitle "EXT 2012"]
[Source "ChessBase"]
[SourceDate "2011.11.24"]
[SourceVersion "1"]
[SourceVersionDate "2011.11.24"]
[SourceQuality "1"]

1. e4 e5 2. Nf3 Nc6 3. d4 exd4 4. Bc4 Nf6 5. e5 d5 6. Bb5 Ne4 7. Nxd4 Bc5 8. Be3 Bxd4 9. Bxd4 0-0 10. 0-0 Nxd4 11. Qxd4 c5 12. Qe3 b6 13. Bc6 Rb8 14. Rd1 Bb7 15. Rxd5 Qg5 16. f4 Qg6 17. Bxb7 Rxb7 18. Nc3 Nxc3 19. Qxc3 Qe4 20. Qd2 Re7 21. Rd1 f6 22. Re1 Qa4 23. a3 fxe5 24. fxe5 Qe8 25. Qe2 Re6 26. Rd3 Qb5 27. b3 Qc6 28. Red1 Rfe8 29. Rd8 Qc7 30. Rxe8+ Rxe8 31. Qc4+ Kh8 32. e6 Qe5 33. Rf1 g6 34. Qa6 Qxe6 35. Qxa7 Qe3+ 36. Kh1 Qe1 37. Qf7 Qe7 38. h3 Qxf7 39. Rxf7 Re2 40. Rb7 Rxc2 41. Rxb6 Rb2 42. Rb5 Kg7 43. a4 Kf6 44. a5 Ke6 45. a6 Ra2 46. Rb6+ Kd5 47. Kh2 Ra3 48. h4 Ra2 49. Kh3 c4 50. bxc4+ Kxc4 51. g3 Kc5 52. Rf6 Kb5 53. Kg4 Ra3 54. Re6 h5+ 55. Kf4 Ra4+ 56. Kg5 Rg4+ 57. Kh6 Rxg3 58. a7 Ra3 59. Rxg6 Rxa7 60. Kxh5 Kc5 61. Kh6 Rf7 62. h5 Kd5 63. Rg7 Ke6 64. Kh7 Rf8 65. h6 Kf6 66. Rg6+ Kf7 67. Rg7+ Kf6 68. Rg1 Rf7+ 69. Kg8 Ra7 70. Rf1+ Kg6 71. h7 Ra8+ 72. Rf8 Rxf8+ 73. Kxf8 Kxh7 1/2-1/2

[Event "FRA-chT2 South 0708"]
[Site "France"]
[Date "2007.11.25"]
[Round "3.8"]
[White "Vignette, Jeanne"]
[Black "Louche, Herve"]
[Result "0-1"]
[WhiteElo "1610"]
[BlackElo "1804"]
[PlyCount "142"]
[EventDate "2007.10.21"]
[EventType "team"]
[EventRounds "11"]
[EventCountry "FRA"]
[SourceTitle "EXT 2009"]
[Source "ChessBase"]
[SourceDate "2008.11.26"]
[SourceVersion "1"]
[SourceVersionDate "2008.11.26"]
[SourceQuality "1"]
[WhiteTeam "Saint Affrique"]
[BlackTeam "Montpellier Diagonale"]
[WhiteTeamCountry "FRA"]
[BlackTeamCountry "FRA"]

1. e4 c5 2. Nf3 d6 3. d4 cxd4 4. Nxd4 Nf6 5. Nc3 g6 6. Be3 Bg7 7. Qd2 0-0 8. 0-0-0 Ng4 9. h3 Nxe3 10. Qxe3 Nc6 11. Nf3 Be6 12. a3 Qa5 13. Nd5 Bxd5 14. Rxd5 Qc7 15. h4 Rfc8 16. Rd2 Ne5 17. h5 Nxf3 18. Qxf3 Bh6 19. Qd1 Bxd2+ 20. Qxd2 e6 21. Bd3 Qe7 22. hxg6 hxg6 23. Qh6 Qf6 24. g4 Qg7 25. Qh2 Rd8 26. f4 Kf8 27. f5 gxf5 28. gxf5 Qe5 29. Qh4 Ke8 30. Rg1 Kd7 31. Bb5+ Qxb5 32. fxe6+ fxe6 33. Rg7+ Kc6 34. Qe7 Qf1+ 35. Kd2 Qf2+ 36. Kd1 Qd4+ 37. Kc1 Qe3+ 38. Kb1 Qb6 39. Qxe6 Qd4 40. Rg3 a6 41. Rc3+ Kb6 42. Qb3+ Ka7 43. Rc4 Qg1+ 44. Ka2 Rac8 45. Rb4 Rb8 46. Qc3 Qg8+ 47. Rb3 Qf7 48. Qd4+ Ka8 49. c4 b5 50. c5 Qc4 51. Qf6 Qxc5 52. Rc3 Qe5 53. Qf7 Rf8 54. Qd7 Qxe4 55. Rc7 Qd5+ 56. Kb1 Rf1+ 57. Kc2 Qf5+ 58. Qxf5 Rxf5 59. Rc6 Rc5+ 60. Rxc5 dxc5 61. Kc3 Kb7 62. b3 Kc6 63. Kc2 Kd5 64. Kd2 Ke4 65. Kc3 Rh8 66. Kc2 Rh2+ 67. Kc1 Kd3 68. Kb1 Kc3 69. Ka1 Kxb3 70. a4 b4 71. Kb1 Rh1# 0-1

[Event "FRA-ch U10 Girls"]
[Site "Aix les Bains"]
[Date "2006.??.??"]
[Round "1"]
[White "Vignette, Jeanne"]
[Black "Curtit, Sarah"]
[Result "0-1"]
[WhiteElo "1200"]
[BlackElo "1540"]
[PlyCount "38"]
[EventDate "2006.04.16"]
[EventType "swiss"]
[EventRounds "9"]
[EventCountry "FRA"]
[SourceTitle "EXT 2007"]
[Source "ChessBase"]
[SourceDate "2006.11.23"]
[SourceVersion "1"]
[SourceVersionDate "2006.11.23"]
[SourceQuality "1"]

1. e4 e5 2. Nf3 Nc6 3. Nc3 Nf6 4. Bb5 Bb4 5. a3 Bxc3 6. dxc3 Nxe4 7. Qe2 d5 8. Bg5 Nxg5 9. Qxe5+ Be6 10. Nxg5 Qd7 11. Qxg7 0-0-0 12. 0-0 Rhg8 13. Qh6 Rg6 14. Qh4 Rdg8 15. Bxc6 Qxc6 16. f4 f6 17. Nxe6 d4 18. Qh3 Rxg2+ 19. Kh1 Rg1# 0-1